[Event "New York Marshall CC op-B"]
[White "Huang, Terry"]
[Black "Feng, Andrew"]
[Site "New York"]
[Round "4"]
[Result "1-0"]
[Date "2024.09.08"]
[WhiteElo "1985"]
[BlackElo "2091"]
[PlyCount "67"]
[EventDate "2024.09.07"]
[EventType "swiss"]
[EventRounds "5"]
[EventCountry "USA"]
[SourceTitle "EXT 2025"]
[Source "ChessBase"]
[SourceDate "2024.10.14"]
[SourceVersion "1"]
[SourceVersionDate "2024.10.14"]
[SourceQuality "1"]

1. d4 Nf6 2. Nc3 d5 3. Bf4 a6 4. e3 b5 5. Nf3 e6 6. a3 Bd6 7. Bd3 Bb7 8. 0-0 0-0 9. Bg5 Nbd7 10. e4 dxe4 11. Nxe4 Be7 12. Qe2 Nd5 13. Qd2 Bxg5 14. Nexg5 h6 15. Ne4 f5 16. Nc5 Nxc5 17. dxc5 Nf6 18. Qf4 Qe7 19. b4 g5 20. Qe5 Bxf3 21. gxf3 Nd5 22. Rfe1 Rae8 23. Bf1 Nf4 24. c4 Ng6 25. Qd4 Nh4 26. Re3 f4 27. Rc3 c6 28. cxb5 axb5 29. Qe4 Qg7 30. Rac1 g4 31. fxg4 Qxg4+ 32. Kh1 Rd8 33. Rg3 Rde8 34. Kg1 1-0

[Event "New York Marshall CC op-B"]
[White "Huang, Terry"]
[Black "Klenoff, Caleb"]
[Site "New York"]
[Round "2"]
[Result "0-1"]
[Date "2024.09.07"]
[WhiteElo "1985"]
[BlackElo "2100"]
[PlyCount "98"]
[EventDate "2024.09.07"]
[EventType "swiss"]
[EventRounds "5"]
[EventCountry "USA"]
[SourceTitle "EXT 2025"]
[Source "ChessBase"]
[SourceDate "2024.10.14"]
[SourceVersion "1"]
[SourceVersionDate "2024.10.14"]
[SourceQuality "1"]

1. d4 Nf6 2. Nc3 d5 3. Bf4 g6 4. e3 Bg7 5. h4 h5 6. Nf3 0-0 7. Bd3 c5 8. dxc5 Bg4 9. Qd2 Nbd7 10. Na4 Ne4 11. Qb4 e5 12. Bh2 a5 13. Qb5 Nxf2 14. Kxf2 e4 15. Bd6 Re8 16. Qxb7 exd3 17. cxd3 Bf5 18. Nb6 Nxb6 19. Qxb6 Qf6 20. d4 Re6 21. Qb7 Rae8 22. Be5 Qd8 23. Rae1 Bh6 24. Bf4 Bxf4 25. exf4 Be4 26. Ne5 Qf6 27. Rxe4 dxe4 28. Qxe4 R6e7 29. g3 Qa6 30. Rd1 Qb5 31. b3 a4 32. Qd5 Kg7 33. Rd2 Qb4 34. Rc2 f6 35. Qc4 Qa5 36. b4 Qa8 37. Nf3 Re3 38. c6 Qc8 39. d5 Qg4 40. Qe2 Rxe2+ 41. Rxe2 Rxe2+ 42. Kxe2 Qf5 43. Ke3 Qxd5 44. Nd4 Kf7 45. b5 Qc5 46. Kd3 Ke7 47. Ke4 f5+ 48. Kd3 Kd6 49. c7 Qxc7 0-1